| 000 -LEADER |
| fixed length control field |
00543 a2200169 4500 |
| 008 - FIXED-LENGTH DATA ELEMENTS--GENERAL INFORMATION |
| fixed length control field |
200915b ||||| |||| 00| 0 eng d |
| 020 ## - INTERNATIONAL STANDARD BOOK NUMBER |
| International Standard Book Number |
9789280150872 |
| 082 00 - DEWEY DECIMAL CLASSIFICATION NUMBER |
| Classification number |
623.8886 |
| Item number |
I339 |
| 110 ## - MAIN ENTRY--CORPORATE NAME |
| 9 (RLIN) |
76 |
| Corporate name or jurisdiction name as entry element |
International Maritime Organization |
| 245 ## - TITLE STATEMENT |
| Title |
Advanced training in fire fighting (Model Course 2.03 plus compendium) |
| 250 ## - EDITION STATEMENT |
| Edition statement |
2nd ed. |
| 260 ## - PUBLICATION, DISTRIBUTION, ETC. (IMPRINT) |
| Name of publisher, distributor, etc |
International Maritime Organization: |
| Date of publication, distribution, etc |
2000. |
| Place of publication, distribution, etc |
London, |
| 300 ## - PHYSICAL DESCRIPTION |
| Extent |
v,118 p. |
| 490 0# - SERIES STATEMENT |
| Series statement |
Model Course 2.03 |
| 650 #0 - SUBJECT ADDED ENTRY--TOPICAL TERM |
| Topical term or geographic name as entry element |
Marine Engineers - Training |
| General subdivision |
Firefighting |
| 942 ## - ADDED ENTRY ELEMENTS (KOHA) |
| Source of classification or shelving scheme |
|
| Item type |
Books |